1718 1864 1622 1637 1832 1425 1779 1288 1057 1131 1399 1295 1210 1862 1183 1300 1757 1425 1572 1113 1261 1915 1463 1697 1371 1285 1671 1924 1493 1286 1524 1578 1751 1659 1063 1726 1311 1365 1843 1295 1891 1984 1159 1443 1692 1329 1317 1496 1909 1390 1928 1297 1756 1013 1725 1812 1889 1178 1703 1700 1351 1610 1936 1737 1261 1816 1242 1428 1775 1597 1751 1115 1203 1687 1915 1301 1416 1934 1016 1195 1797 1466 1123 1038 1337 1398 1042 1728 1806 1153 1802 1987 1365 1570 1590 1659 1776 1427 1019 BCNSPRNW ULIB Ver.6.0+V

เปลี่ยนเป็นภาษาไทย

Change to English
 แสดงรายละเอียดบรรณานุกรม
  กลับหน้าหลัก

Brief Record : Get Marc (ISO 2709) : E-mail record : QR code < ปิดหน้าต่าง
LEADER : 00000nam 2200000uu 4500
001    13399112378
003     ULIB
008    110809s2547||||th 000 0 tha d
020    9749507797
060 04 QV55^bพ778ย
245 00 ยา =^bThe pill book /^ceditor-in-chief, Harold M.Silverman ; พิสิฐ วงศ์วัฒนะ, แปล
246 31 The pill book
250    พิมพ์ครั้งที่ 1
260    กรุงเทพฯ :^bหมอชาวบ้าน,^c2547
300    16, 1383 หน้า ;^c22 ซม.
591    LIRA มีปี 2547
650  7 ยา^vคู่มือ
650  7 การใช้ยา^vคู่มือ
700 0  พิสิฐ วงศ์วัฒนะ,^eผู้แปล
700 1  Silverman, Harold M.,^eed
945    ^p950^l0^i12947
945    ^p950^l0^i12948
945    ^p950^l0^i12950
995    กัณชพร
999    ^aกัณชพร
รายการนี้ยังไม่มีแท็ก
คุณยังไม่ได้ล็อกอิน คุณสามารถมีกิจกรรมร่วมกับเว็บไซต์ได้ แต่ต้องล็อกอินก่อน ::
  ล็อกอิน

รายการสื่อสารสนเทศ

ลำดับที่ ประเภท เลขเรียก/บาร์โค้ด สถานที่ สถานะ
- ไม่พบข้อมูล -

BibComment


ยังไม่เคยถูกคอมเมนท์

คอมเมนท์ทรัพยากรรายการนี้
  คอมเมนท์: ยา The pill book..


 Copyright 2026. Bcnsprnw @Library